| 000 | 00713nam a2200217Ia 4500 | ||
|---|---|---|---|
| 003 | GCL | ||
| 008 | 140319s9999 xx 000 0 ara d | ||
| 020 | _a168009957 | ||
| 040 |
_aGCL / _cGCL |
||
| 082 | 0 | 4 |
_a291.042 _bخ م |
| 100 | 1 | _aخزعل الماجدى | |
| 245 | 1 | 0 |
_aالمعتقدات الامورية / _cخزعل الماجدى |
| 250 | _aالاولى | ||
| 260 |
_aالاردن : _bدار الشروق ، _c2002 |
||
| 300 |
_a140 ص ؛ _c24 سم |
||
| 490 |
_aسلسلة التراث الروحى للانسان _v6 |
||
| 650 | 0 | 4 | _aالديانات القديمة |
| 650 | 0 | 4 | _aالديانات الامورية |
| 650 | 0 | 4 | _aالديانات القديمة - العراق |
| 942 |
_2ddc _cBK |
||
| 999 |
_c10124 _d10124 |
||